| Tag |
First Indicator |
Second Indicator |
Subfields |
| LEADER |
00000cam a2200000 a 4500 |
| 001 |
in00000008690 |
| 005 |
20151003080026.0 |
| 008 |
860903s1987 nju b 00110 eng |
| 010 |
|
|
|a 86022295
|
| 020 |
|
|
|a 0389206911
|
| 020 |
|
|
|a 038920692X (pbk.)
|
| 035 |
|
|
|a (OCoLC)14243222
|
| 035 |
|
|
|9 AAA1091AM
|
| 040 |
|
|
|a DLC
|c DLC
|d TXA
|d UtOrBLW
|
| 050 |
0 |
0 |
|a PR4169
|b .N47 1987
|
| 082 |
0 |
|
|a 823/.8
|2 19
|
| 100 |
1 |
|
|a Nestor, Pauline.
|
| 245 |
1 |
0 |
|a Charlotte Brontë /
|c Pauline Nestor.
|
| 264 |
|
1 |
|a Totowa, N.J. :
|b Barnes & Noble Books,
|c 1987.
|
| 300 |
|
|
|a vii, 123 pages ;
|c 20 cm.
|
| 336 |
|
|
|a text
|b txt
|2 rdacontent
|
| 337 |
|
|
|a unmediated
|b n
|2 rdamedia
|
| 338 |
|
|
|a volume
|b nc
|2 rdacarrier
|
| 490 |
1 |
|
|a Women writers
|
| 504 |
|
|
|a Bibliography: pages 118-121.
|
| 500 |
|
|
|a Includes index.
|
| 600 |
1 |
0 |
|a Brontë, Charlotte,
|d 1816-1855
|x Criticism and interpretation.
|
| 830 |
|
0 |
|a Women writers.
|
| 999 |
|
|
|a MARS
|
| 999 |
f |
f |
|s 0d0fa55b-2d37-34ae-aafa-2121a3c8e3e2
|i 837869a2-6f39-3169-b07c-b6a5f43a2ee2
|t 0
|
| 952 |
f |
f |
|p normal
|a Texas A&M University
|b College Station
|c Sterling C. Evans Library
|d Evans: Library Stacks
|t 0
|e PR4169 .N47 1987
|h Library of Congress classification
|i unmediated -- volume
|m A14812562162
|
| 998 |
f |
f |
|a PR4169 .N47 1987
|t 0
|l Evans: Library Stacks
|